| 000 | 00786cam a2200241 4500 | ||
|---|---|---|---|
| 001 | ABS61324 | ||
| 008 | 000000n1999 000 0 eng u | ||
| 035 | _a(Sirsi) u100702 | ||
| 100 | _aBar-Hillel, Mira | ||
| 245 | _aHomes stampede shows up double standards | ||
| 260 | _c1999 | ||
| 490 |
_aBuilding _v264(8105) 24 September 1999, 12(1) |
||
| 520 | _aTwo cases of premature occupation involving Bellway homes and Linden Homes have raised questions about rules governing private and public sector building control. | ||
| 590 | _aABS | ||
| 650 | _aBELLWAY HOMES | ||
| 650 | _aLINDEN HOMES | ||
| 650 |
_aBUILDING CONTROL _96222 |
||
| 650 | _aNEW HOUSES | ||
| 650 | _aPRIVATE SECTOR | ||
| 650 | _aPUBLIC SECTOR | ||
| 690 | _aBUILDING AND CONSTRUCTION-CONTROL | ||
| 942 | _n0 | ||
| 999 |
_c60220 _d60220 |
||